Canada Capitals - Statistics

General Stats
  • This quiz has been taken 26 times
  • The average score is 10 of 14
Answer Stats
Province Capital % Correct
Quebec Quebec City
100%
Ontario Toronto
100%
Saskatchewan Regina
88%
Alberta Edmonton
81%
Manitoba Winnipeg
81%
Nova Scotia Halifax
75%
Northwest Territories Yellowknife
75%
British Columbia Victoria
69%
Yukon Whitehorse
69%
Newfoundland and Labrador St. John's
63%
Prince Edward Island Charlottetown
56%
Nunavut Iqaluit
56%
New Brunswick Fredericton
50%
Bonus: Canada's Capital Ottawa
50%
No matching quizzes found
Score Distribution
Percent of People with Each Score
Percentile by Number Answered
Your Score History
You have not taken this quiz